A Vármegyei Autonomia Kifejlődése És A Vármegyei Tisztviselők Jogállása 1848-ig Jogtörténeti Tanúlmány

Bibliographic Details
Main Author: Osváth, Gyula, 1887-1957 (Author)
Other Authors: Lévai, Eugen (Printer)
Format: Book
Language:Hungarian
PhysicalDescription:111 s. 22 cm
Published: Rimaszombat Nyomatott Lévai Izsó Könyvnyomdájában 1912
Subjects:

MARC

LEADER 00000cam a2200000 a 4500
001 vtls001339994
003 SK-MaSNL
005 20260301114546.0
008 230403s1912 xo f l 00000 hun
015 |a SNBA1912 
035 |a SNK000293074 
035 |a urn:nbn:sk:snk-am3hrtq 
035 |a 22BFE074-43CA-4C22-934F-D28152DD3D07 
035 |a urn:nbn:sk:snk-am00d70z 
040 |a SNK  |b slo  |c SNK  |e AACR2 
041 0 |a hun 
044 |a xo  |c SK 
072 7 |a 34  |x Právo  |2 konspekt 
080 |a 34  |2 2011 
080 |a 35  |2 2011 
100 1 |a Osváth, Gyula,  |d 1887-1957  |4 aut  |9 191855 
245 1 0 |a A Vármegyei Autonomia Kifejlődése És A Vármegyei Tisztviselők Jogállása 1848-ig  |b Jogtörténeti Tanúlmány  |c Irta: Dr. Osváth Gyula 
260 |a Rimaszombat  |b Nyomatott Lévai Izsó Könyvnyomdájában  |c 1912 
300 |a 111 s.  |c 22 cm 
504 |a Úvod. Poznámky pod čiarou 
648 7 |a 1848  |2 SNKPH  |9 297566 
650 0 7 |a právo  |2 SNKPH  |9 976 
650 0 7 |a autonómia  |2 SNKPH  |9 28289 
650 0 7 |a právne dejiny  |2 SNKPH  |9 977 
650 0 7 |a župy  |2 SNKPH  |9 30635 
655 7 |a štúdie  |2 SNKPH  |9 57033 
700 1 |a Lévai, Eugen  |4 prt  |4 prt  |9 56548 
752 |a Slovensko  |d Rimavská Sobota 
852 |a Slovenská národná knižnica 
954 |a odborná, vedecká literatúra cudzojazyčná (svetová)  |2 lita 
958 |a OND 
958 |a HU 
958 |a SP 
958 |a EUIPO 
999 |c 718913  |d 720843 
952 |a SNK  |b SNK  |y PREZ  |7 0  |p 17A0798181  |o snkSC 9031  |i snkKSK 59/1957  |8 3  |0 0  |1 0  |4 0  |d 2012-08-22  |f 1  |l 0  |r 2025-07-09 00:00:00  |w 2026-02-23 
952 |t P60, <04>, [BOOK], {604}  |a SNK  |b SNK  |y VYP  |7 0  |p 17A0155887  |o snkSC 9031 D1  |i snkF 1325/1969  |8 5  |0 0  |1 0  |4 0  |d 1998-08-21  |l 0  |r 2005-01-02 00:00:00  |w 2026-02-23 
952 |a SNK  |b SNK  |y VYP  |7 0  |p 17A1302624  |o snkSC 9031 D2  |i snkF 869/1970  |8 5  |0 0  |1 0  |4 0  |d 2019-01-16  |l 0  |r 2026-02-23 21:53:23  |w 2026-02-23